Planter des arbres à l’Anthropocène (notice n° 1584647)

détails MARC
000 -LEADER
fixed length control field 01341cam a2200181 4500500
005 - DATE AND TIME OF LATEST TRANSACTION
control field 20251228052840.0
041 ## - LANGUAGE CODE
Language code of text/sound track or separate title fre
042 ## - AUTHENTICATION CODE
Authentication code dc
100 10 - MAIN ENTRY--PERSONAL NAME
Personal name Kingsnorth, Paul
Relator term author
245 00 - TITLE STATEMENT
Title Planter des arbres à l’Anthropocène
260 ## - PUBLICATION, DISTRIBUTION, ETC.
Date of publication, distribution, etc. 2018.<br/>
500 ## - GENERAL NOTE
General note 47
520 ## - SUMMARY, ETC.
Summary, etc. L’expérience concrète des désastres écologiques et le sentiment de notre dépendance vis-à-vis de la Terre réveillent notre sensibilité, suscitent des recherches et réactualisent des savoirs et des résistances oubliés. « Quelque chose se passe » du côté des liens à la Terre et des manières de l’habiter, de l’attention aux humains, aux autres qu’humains et à l’inhumain.
520 ## - SUMMARY, ETC.
Summary, etc. The concrete experience of ecological disasters and the awareness that we depend on the Earth reawaken our sensitivity, arouse researches and bring forgotten knowledges and resistances up to date. « Something is happening » regarding our relation to the Earth and our ways of inhabiting it, regarding also the attention to human beings, to other-than-human beings and to inhuman events.
700 10 - ADDED ENTRY--PERSONAL NAME
Personal name Lefèvre, Mathias
Relator term author
786 0# - DATA SOURCE ENTRY
Note Écologie & Politique | 57 | 2 | 2018-12-04 | p. 25-38 | 1166-3030
856 41 - ELECTRONIC LOCATION AND ACCESS
Uniform Resource Identifier <a href="https://shs.cairn.info/revue-ecologie-et-politique-2018-2-page-25?lang=fr&redirect-ssocas=7080">https://shs.cairn.info/revue-ecologie-et-politique-2018-2-page-25?lang=fr&redirect-ssocas=7080</a>

Pas d'exemplaire disponible.

PLUDOC

PLUDOC est la plateforme unique et centralisée de gestion des bibliothèques physiques et numériques de Guinée administré par le CEDUST. Elle est la plus grande base de données de ressources documentaires pour les Étudiants, Enseignants chercheurs et Chercheurs de Guinée.

Adresse

627 919 101/664 919 101

25 boulevard du commerce
Kaloum, Conakry, Guinée

Réseaux sociaux

Powered by Netsen Group @ 2025